LDR 01211naa#a2200229#i#450# 001 RU\\bibl\120588 005 20260501151922.5 011 ## _a2587-6740 100 ## _a20260415b2026####ek#y0rusy0150####ca 102 ## _aRU 200 1# _aАнализ глобального рынка пшеницы и особенности экспорта зерна из Российской Федерации в современных геополитических условиях _eЖурнальная статья 210 1# _aМосква _cЭлектронная наука _d2026 215 ## _a4 с. 608 ## _aЖурнальная статья _2local 675 ## _aВнешнеторговая политика. Инструменты внешнеторговой политики например,. 339.54 _z 700 #1 _aАксенов _gИлья Антонович 700 #1 _aТрунин _gГригорий Александрович 700 #1 _aФабриков _gМаксим Сергеевич 700 #1 _aХрусталева _gНадежда Владимировна 700 #1 _aНазванова _gКарина Владимировна 700 #1 _aРощин _gИван Николаевич 856 4# _aecience.ru _u